Dark Souls Enemies - Statistics

General Stats
  • This quiz has been taken 45 times
  • The average score is 35 of 121
Answer Stats
Area(s) Seen Answer % Correct
Undead Asylum, Burg, Parish.Depths, New Londo Ruins, Painted World Hollow
91%
Firelink Shrine, Catacombs, Tomb of the Giants Skeleton
88%
Undead Burg, Parish, Asylum. Darkroot Basin,Catacombs, Tomb of the Giants, Kiln of the First Flame Black Knight
79%
Undead Asylum, Boss Asylum Demon
73%
Sen's Forretress Giant
73%
Anor Londo Silver Knight
70%
Undead Burg, Boss Taurus Demon
70%
Lower Undead Burg, Boss Capra Demon
67%
Firelink Shrine, Catacombs, Tomb of the Giants Giant Skeleton
67%
Catacombs, Boss Pinwheel
67%
Undead Asylum, Boss Stray Demon
67%
Lower Undead Burg, Depths Attack Dog
61%
Depths, Boss Gaping Dragon
58%
Undead Burn, Undead Parish, Depths Undead Rat
58%
Tomb of the Giants, Boss Gravelord Nito
55%
Undead Asylum, Burg, Parish. Firelink Shrine Hollow Soldier
55%
Undead Parish (Boss), Anor Londo Bell Gargoyle
52%
Kiln of the First Flame Gwyn, Lord of Cinder
52%
Sen's Forretress, Boss Iron Golem
52%
Undead Parish, Sen's Forretress Balder Knight
48%
Depths, Great Hollow, Ash Lake Basilisk
48%
Valley of the Drakes Blue Drake
48%
Blighttown, Boss Chaos Witch Quelaag
48%
Anor Londo, Boss Dragon Slayer Ornstein and Executioner Smough
45%
Depths, Mini-Boss Giant Undead Rat
45%
Darkroot Basin, Ash Lake Miniboss Hydra
45%
Undead Parish, Catacombs, Sen's Forretress, Anor Londo,Lost Izalith Titanite Demon
45%
Tomb of the Giants Baby Skeleton
42%
Catacombs, Painted World of Ariamis Bonewheel Skeleton
42%
New Londo Ruins Darkwraith
42%
Darkroot Garden (Boss), Crystal Cave Moonlight Butterfly
42%
New Londo Ruins, Boss The Four Kings
42%
Painted World of Ariamis, Boss Crossbreed Priscilla
39%
Chasm of the Abyss, Boss Manus, Father of the Abyss
39%
Catacombs Necromancer
39%
Depths Slime
39%
Darkroot Basin, The Duke's Archives, Crystal Cave Crystal Golem
36%
New Londo Ruins Ghost
36%
Blighttown (Invasion) Maneater Mildred
36%
The Duke's Archives/Crystal Cave, Boss Seath the Scaleless
36%
Darkroot Garden Stone Knight
36%
Valley of the Drakes, Painted World of Ariamis (Mini-Boss) Undead Dragon
36%
Royal Wood, Boss Black Dragon Kalameet
33%
Demon Ruins, Boss Centipede Demon
33%
Anor Londo, Boss Dark Sun Gwyndolin
33%
Demon Ruins, Boss Demon Firesage
33%
Darkroot Garden, Boss Great Grey Wolf Sif
33%
Undead Burg, Drops Ring Havel the Rock
33%
Firelink Shrine, Undead Burg Hollow Warrior
33%
Depths, Demon Ruins, Lost Izalith (Invasion) Kirk, Knight of Thorns
33%
Tomb of the Giants, Invasion Paladin Leeroy
33%
Painted World of Ariamis Phalanx
33%
Sanctuary Garden Sanctuary Guardian
33%
Depths Butcher
30%
Demon Ruins, Boss Ceaseless Discharge
30%
Lower Undead Burg Hollow Thief
30%
Tomb of the Giants Skeletal Beast
30%
Anor Londo Painting Guardian
27%
Sen's Forretress, The Duke's Archives Serpent Soldier
27%
Undead Parish, Sen's Forretress, Painted World of Ariamis Berenike Knight
24%
Blighttown Flaming Attack Dog
24%
Undead Burg Hellkite Dragon
24%
Sen's Forretress, Anor Londo, The Duke's ArchivesOolacile Township Mimic
24%
Anor Londo Sentinel
24%
Catacombs Wisp
24%
Undead Parish, Depths, The Duke's Archives Channeler
21%
Lost Izalith Chaos Eater
21%
Painted World of Ariamis Crow Demon
21%
Darkroot Basin, The Duke's Archives Golden Crystal Golem
21%
Blighttown Infested Barbarian
21%
Oolacile Township, Boss Knight Artorias
21%
New Londo Ruins Mass of Souls
21%
Tomb of the Giants Pinwheel Servant
21%
Sen's Forretress, The Duke's Archives Serpent Mage
21%
New Londo Ruins Banshee
18%
Tomb of the Giants Bone Tower
18%
The Duke's Archives Crystal Knight
18%
Blighttown Giant Mosquito
18%
Darkroot Garden, The Great Hollow Mushroom Child
18%
Anor Londo Royal Sentinel
18%
Royal Wood Abyss Attack Dog
15%
Painted World of Ariamis Engorged Hollow
15%
Undead Parish, Duke's Archives Fang Boar
15%
Oolacile Township (Invasion) Marvelous Chester
15%
Darkroot Garden, The Great Hollow Mushroom Parent
15%
Demon Ruins, Quelaag's Domain Vile Maggot
15%
Anor Londo Batwing Demon
12%
Oolacile Township, Chasm of the Abyss Bloathead
12%
Darkroot Garden Great Feline
12%
Tomb of the Giants Nico of Thorolund
12%
Darkroot Garden Tree Lizard
12%
Tomb of the Giants Vince of Thorolund
12%
Blighttown Blowdart Sniper
9%
Oolacile Township Chained Prisoner
9%
Blighttown Cragspider
9%
Demon Ruins, Lost Izalith Demonic Statue
9%
Royal Wood Guardian
9%
Blighttown Infested Ghoul
9%
Oolacile Township, Chasm of the Abyss Bloathead Sorcerer
6%
Demon Ruins Burrowing Rockworm
6%
Darkroot Garden Demonic Foliage
6%
Darkroot Garden Frog-Ray
6%
Ash Lake, Crystal Cave Giant Clam
6%
Blighttown Giant Leech
6%
Sanctuary Garden Lesser Sanctuary Guardian
6%
Blighttown, Miniboss Parasitic Wall Hugger
6%
The Duke's Archives Pisaca
6%
The Duke's Archives Undead Crystal Soldier
6%
Lost Izalith, Painted World of Ariamis Bounding Demon
3%
Demon Ruins Chaos Bug
3%
Anor Londo Darkmoon Knightess
3%
Anor Londo Darkmoon Soldier
3%
Darkroot Garden Forest Hunter
3%
Chasm of the Abyss Humanity Phantom
3%
Darkroot Garden Possessed Tree
3%
Painted World of Ariamis Snow Rat
3%
Sen's Forretress Undead Prince Ricard
3%
Lost Izalith Daughter of Chaos
0%
Demon Ruins, Quelaag's Domain Egg Burdened
0%
Royal Wood Wooden Scarecrow
0%
Painted World of Ariamis (Invasion) Xanthous King, Jeremaiah
0%
No matching quizzes found
Score Distribution
Percent of People with Each Score
Percentile by Number Answered
Your Score History
You have not taken this quiz